00446nam a2200181 a 4500001001300000003000900013005001700022008004100039020000800080082001700088100001700105245001100122260004400133300000900177500003500186505002600221700001700247nice12345678IN_TiNIC20260116012612.0050524s1975 hyda grp 000 0 urd  ac500a891.41bSAJ1 aSajed, Rizvi aJalway aHyderabadbShia Youth Associationc1975 a176p aincludes index and biblioraphy2 aPublication Date 19881 aSajed, Rizvi